000 00701nam a2200181 4500
008 041202s1994 -hk chi
020 _a9627574422 :
_cHK120/Php617.94
090 _aBT15
_bN28c
100 1 _aNee, Watchman
245 1 0 _aCollected works of Watchman Nee :
_bvol. 12 Gospel of the Kingdom {ch} /
_cWatchman Nee.
260 _aHong Kong :
_bManna Publisher,
_cc1994.
300 _a581 p.
600 1 4 _aNee, Watchman, 1093-1973
_xSermons {ch}.
600 1 4 _aNee, Watchman, 1903-1973
_xTheology {ch}.
630 0 4 _aBible. N.T. Gospels
_xCriticism, interpretation, etc. {ch}.
650 4 _aKingdom of God {ch}.
951 _pC-5686
_x00030195
_oBT15/N28c-XII
_j070613111430640
_d2000-12-21
_cREF-CH
999 _c22019
_d22019